000 00770nam a2200265Ia 4500
003 OSt
005 20220918165155.0
006 a|||||r|||| 00| 0
007 ta
008 220917b |||||||| |||| 00| 0 eng d
020 _a1412908124 (hbk)
024 _a234,897
037 _b9948, 22/10/2007, Overseas Press
_cTextual
040 _aARTS
_cARTS
_beng
041 _2eng
_aeng
082 _aP:7, P5
100 _aBalton Gillie
_923028
245 0 _aReflective practice
_b Writing and professional development
250 _a2nd
260 _aLondon
_bSage Publication UK
_c2005
300 _axviii,238p.
_ccm.
650 _aLINGUISTICS
942 _hP:7, P5
_cTEXL
_2CC
999 _c128626
_d128626